000
00294nam a22001337a 4500
008
180315b xxu||||| |||| 00| 0 eng d
020
_a
9780486227306
041
_a
eng
080
_a
701
100
_a
45
101
_a
ART
245
_a
The Elements of Drawing
_c
Campbell, L
942
_2
udc
_c
BK
999
_c
45077
_d
45077